000 00616nam a2200229 i 4500
001 bg
100 1 _aEVANS, Virginia
245 1 0 _aSuccessful writing :
_bproficiency : teacher's book /
_cVirginia Evans.
250 _aNew ed.
260 _aNewbury :
_bExpress Publ.,
_c2002.
300 _a100 s. ;
_c27 cm +
_eKey.
650 9 _aJęzyk angielski
_xpisownia
650 9 _aJęzyk angielski
_xnauczanie
655 _aPodręczniki
020 _a1842168819
040 _cBPK
041 0 _aen
080 _a811.111'35(07)
920 _a1-84216-881-9
942 _cKS
008 s pl f |000 0 pol
999 _c42268
_d42268